Normal view
MARC view
- Muslim saints
Entry Topical Term
001 - CONTROL NUMBER
- control field: 1582
003 - CONTROL NUMBER IDENTIFIER
- control field: OSt
005 - DATE AND TIME OF LATEST TRANSACTION
- control field: 20170505090703.0
008 - FIXED-LENGTH DATA ELEMENTS
- fixed length control field: 170505|| aca||aabn | a|a d
040 ## - CATALOGING SOURCE
- Original cataloging agency: OSt
- Transcribing agency: OSt
150 ## - HEADING--TOPICAL TERM
- Topical term or geographic name entry element: Muslim saints
670 ## - SOURCE DATA FOUND
- Source citation: Work cat.: (OSt)0: Ibn Taymiyah, Ahmad ibn 'Abd al-Halim, 1263-1328 1581, Perbezaan antara wali-wali Allah dan wali-wali syaitan /, 1993

PORTAL AKMAL
E-MEL JKDM
AKMAL2U
G-BAM
u-PUSTAKA